Zákony učenia a ich uplatnenie vo vzdelávacom procese

Teoretické východiská problematiky zákonov učenia. Zákon motivácie. Zákon spätnej väzby. Základné pravidlá poskytovania spätnej väzby vo všeobecnosti. Zákon transferu. Zákon opakovania. Praktické využitie zákonov učenia vo vzdelávacom procese. Odporúčania na uplatnenie zákonov učenia vo vzdelávacom...

Full description

Saved in:
Bibliographic Details
Main Author: Procházková, Katarína, 1983-
Other Authors: Szabo, Ľuboslav
Format: Book Chapter
Language:Slovak
Subjects:
Tags: Add Tag
No Tags, Be the first to tag this record!

MARC

LEADER 00000nla a2200000 4500
001 0226045
005 20240502083604.6
041 0 |a slo 
044 |a CZ 
245 1 0 |a Zákony učenia a ich uplatnenie vo vzdelávacom procese  |c Katarína Procházková, Ľuboslav Szabo 
520 |a Teoretické východiská problematiky zákonov učenia. Zákon motivácie. Zákon spätnej väzby. Základné pravidlá poskytovania spätnej väzby vo všeobecnosti. Zákon transferu. Zákon opakovania. Praktické využitie zákonov učenia vo vzdelávacom procese. Odporúčania na uplatnenie zákonov učenia vo vzdelávacom procese. 
610 2 0 |a vzdelávanie 
610 2 0 |a vzdelávanie vysokoškolské 
610 2 0 |a vyučovanie 
610 2 0 |a motivácia 
610 2 0 |a väzba spätná 
610 2 0 |a učitelia 
610 2 0 |a študenti 
610 2 0 |a predmety učebné 
610 2 0 |a manažment 
610 2 0 |a podnikanie medzinárodné 
100 1 |a Procházková, Katarína, 1983- 
700 1 |a Szabo, Ľuboslav